Quizzes
Events
Quiz Creation
Community
Videos
Private Events
Remove Ads
Sign In
Join for FREE
Feedback
Dark Mode
Quiz Categories
Sports
Geography
Music
Movies
Television
Just For Fun
Miscellaneous
History
Literature
Language
Science
Gaming
Entertainment
Religion
Holiday
For Kids
Quiz Lab
Recent
Popular Today
Quiz Kudos Today
Editor Picks
Curator Picks
Quizzes by...
Day
Popularity
Type
Ratings
Length
Year
Community
Subscriptions
Recent Discussions
Orange Saloon
Badges
Playlists
Quests
Create
Leaderboards
Showdown
Live 5
Trivia Bingo
Activity
Puzzle Library
Sporcle Events
Private Events
Virtual Trivia
Globe League
Become a Host
Pub Owners
SporcleCon
Opinionation
Our Games
Videos
Blog
Mobile Apps
Partnerships
Remove Ads and Go Orange
Feedback
Television
TV Characters
TV Show
Sitcom
Network
Friends
Reality Shows
Cast
South Park
Star Trek
The Simpsons
Doctor Who
Television
TV Characters
TV Show
Sitcom
Network
Friends
Reality Shows
Cast
South Park
Star Trek
The Simpsons
Doctor Who
Random Quiz
Search Sporcle
×
Quiz Lab
Quiz Lab
Television
Quote
Type in answers that appear in a list
Type in answers that appear in a list
Classic
Best Score? Go Orange.
LOST's Ben Linus: Finish the Quote Stats
Can you name the Ben Linus quotes?
By
sir692
15m
25 Questions
710 Plays
710 Plays
710 Plays
Comments
Comments
Give Quiz Kudos
Give Quiz Kudos
-
- Ratings
hide this ad
More Info
Replay
Link that replays current quiz
Next Quiz
Link to next quiz in quiz playlist
You Got
0%
They Got
Avg Score
38%
Avg Friend Score
Upgrade to see
Score Distribution
Jump to the score distribution portion of the page
Score
0/25
Timer
15:00
0
Plays Today
Quote Starts...
Finish the Quote
% Correct
MICHAEL: Who are you people? BEN: _
_
_
_
_
_
_
, Michael.
We're the good guys
86.1%
LOCKE: You just killed everybody on that boat. BEN: _
_
_
_
_
_
_
.
So?
73.5%
LOCKE: What happened? BEN: It let me _
_
_
_
_
_
_
.
live.
68.3%
JACK: You want me to save your life? BEN: No, I want you _
_
_
_
_
_
_
.
to want to save my life.
67.3%
So I guess I'm out of _
_
_
_
_
_
_
.
the book club.
52.8%
JACK: How can you read? BEN: _
_
_
_
_
_
_
.
My mother taught me.
52.1%
But you'll understand soon enough that there are consequences to being chosen. Because destiny, John, _
_
_
_
_
_
_
.
is a fickle bitch.
46.9%
You have to understand, everything I did, _
_
_
_
_
_
_
.
I did for the Island.
45.6%
HURLEY: You know, you were a real good number two. BEN: And _
_
_
_
_
_
_
, Hugo.
you were a great number one
42.8%
Two days after I found out I had a fatal tumor on my spine, _
_
_
_
_
_
_
.
a spinal surgeon fell out of the sky.
42%
JULIET: You wanted him to die! Why? BEN: 'Why?'...After everything I did to get you here, after everything I've done to keep you here, how can you possibly not understand _
_
_
_
_
_
_
?
that you're mine?
39%
I've seen this Island do miraculous things. I've seen it heal the sick, but never once has it done anything like this. _
_
_
_
_
_
_
. You don't get to come back from that, not even here.
Dead is dead.
38.3%
When I dared to ask to see you myself, I was told, 'You have to wait...' but when he asked to see you? He gets marched straight up here as if he was _
_
_
_
_
_
_
.
Moses.
38%
Quote Starts...
Finish the Quote
% Correct
And when your friends got there a bunch of my people would be waiting for them. Then they'd use them to trade for me. I guess it's a good thing I'm not one of them, huh? _
_
_
_
_
_
_
?
You guys got any milk?
35.9%
I stole her as a baby from an insane woman. She's a pawn, nothing more. She means nothing to me. I'm not coming out of this house. So if you want to kill her _
_
_
_
_
_
_
.
go ahead and do it.
35.1%
How many times do I have to tell you, John? I _
_
_
_
_
_
_
.
always have a plan.
32.5%
This'll be your last chance, Jack. I'm telling you, making that call is _
_
_
_
_
_
_
.
the beginning of the end.
29.4%
Karl! Now if you're gonna sleep with my daughter, _
_
_
_
_
_
_
.
I insist you call me Ben.
25.1%
So the fact that John Locke is walking around this Island _
_
_
_
_
_
_
.
scares the living hell out of me.
22.7%
John Locke was a, a believer, he was a man of faith, he was a much better man than I will ever be. And I'm _
_
_
_
_
_
_
.
very sorry I murdered him.
20.6%
No, John, unfortunately we don't have a code for, 'There's a man in my closet with a gun to my daughter's head.' _
_
_
_
_
_
_
_
_
.
Although we obviously should.
16.5%
BEN: You had critical information that would've died with you. And once you'd given it to me...I just didn't have time to talk you _
_
_
_
_
_
_
.
back into hanging yourself.
16.2%
BEN: You seem to have some communion with this island...and that makes you very, very important...So what do I want? I want to help you, John. LOCKE: Why? BEN: Because _
_
_
_
_
_
_
.
I'm in a wheelchair and you're not.
12.1%
LOCKE: Well if it helps, Ben, I forgive you. BEN: Thank you, John, that does help. It matters _
_
_
_
_
_
_
.
more than I can say.
11.8%
God doesn't know how long we've been here, John. He can't _
_
_
_
_
_
_
.
see this island any better than the rest of the world can.
6.6%
Quiz Playlist
Details
Report
Send in Message
Add To Playlist
More Info:
*WARNING: Beware of spoilers for the entire series. Quotes are in the order we heard them on LOST.
Classic:
Type in answers that appear in a list
Quiz Source
Last Updated: Jun 26, 2017
Quiz Scoreboard
CHALLENGE
Sign Up to Join the Scoreboard
Show All
Scores
Hide
Comments
May contain spoilers
Recently Published
Movies - When Are They Set?
by FPL_Elf
Movies
5m
Popular People in 1961
by mucciniale
History
6m
1-10 Letter E Words III
by El_Dandy
Language
2m
More to Explore
Quiz From the Vault
Featured Blog Post
Where Did the Easter Bunny Come From?
hide this ad
You Might Also Like...
Tags
Numbers Quiz
Quote Quiz
ben
finish
Lost (ABC)
start
Today's Top Quizzes in Television
Browse Television
hide this ad
Today's Top Quizzes in Quote
Browse Quote
Top Contributed Quizzes in Television
1
One Piece Logic Puzzle
2
Survivor Logic Puzzle: Heroes vs. Villains
3
Survivor Seasons
4
Survivor Season by Logo
5
Survivor Trivia
6
One Thing in Common: Television
7
Who Wants to Be a Millionaire?
8
Survivor Logic Puzzle: Winners at War
9
Ultimate Survivor Logic Puzzle
10
Phoebe Buffay Quotes
Explore More
Trending Topics
Marvel
Anime
Kpop
Disney
Harry Potter
Crossword
NBA
Puzzle
Soccer
Pokémon
Country
Song
The Office
NFL
WWE
hide this ad
More By:
sir692
Quiz
Plays
Rating
Category
Featured
Created
LOST's Ben Linus: Finish the Quote
710
4.47
Television
Jun 18, 2010
Loyal Baseball Players
636
3.67
Sports
Jul 23, 2012
LOST Surnames: Comprehensive Edition
246
4.75
Television
Jun 17, 2010
The Wire Actors
155
5.00
Television
Jun 16, 2010
Presidential Birth States
130
4.00
History
Jun 16, 2010
Go to Creator's Profile
Score Distribution
Quiz Creator Spotlight
sir692
Follow
Send a Message
Quizzes Created
-
Created Quiz Play Count
-
More By This Creator
Popular Quizzes Today
1
Find the Countries of Europe - No Outlines Minefield
2
Find the US States - No Outlines Minefield
3
The Countries of the World
4
Popular People in 1961
5
1-10 Letter E Words III
6
US States
7
Find the US States
8
One Thing in Common: World Cities II
More Television Quizzes
The Voice (U.S.) Coaches by Picture
Curator's Pick
Trending Quizzes
Risky Map Clicking: Least Populous States A-Z
Humor Books: The Subtitles
1-10 Letter F Words
1-10 Letter G Words
One Thing in Common: United Kingdom
Recently Updated
Leaping Animals
pecheneg
Reality TV Shows (A-Z)
bhenderson79
Rickey Henderson's Hall of Fame Teammates
pecheneg
Champions League XIs: Arsenal
pecheneg
Quick Pick: Celebrities in WWE's Hall of Fame
aduchscher
A-Z Keypad Blitz II
pecheneg
Multiple Oscar Actors
pecheneg
Mystery Phrase Blitz: Oscar 'Best Actors'
pecheneg
F. Scott Fitzgerald Novels
LTH
Pick 3 Villains
ddd62291
Trending Topics
Marvel
Harry Potter
Anime
Kpop
Disney
NBA
Crossword
Country
Puzzle
Song
Soccer
NFL
Pokémon
The Office
WWE
Your Account Isn't Verified!
In order to create a playlist on Sporcle, you need to verify the email address you used during registration. Go to your
Sporcle Settings
to finish the process.
Report this User
Report this user for behavior that violates our
Community Guidelines
.
Details:
Send Report
Go to the Sporcle.com Mobile Site →
Comments